Kluby piłkarskie które wygrały UEL i UCL - Statystyki

Ogólne statystyki
  • Ten quiz został rozwiązany 275 razy
  • Średni wynik to 7 z 11
Statystyki odpowiedzi
Ilość razy Odpowiedzi % Poprawnych
16 Real Madryt
98%
8 Liverpool
73%
7 Bayern
70%
4 Manchester United
70%
6 Inter
69%
4 Chelsea
68%
5 Juventus
60%
5 Ajax
53%
4 Porto
49%
2 PSV
28%
3 Feyenoord
26%
Nie znaleziono quizów pasujących do podanych kryteriów
Rozkład punktacji
Procent ludzi z każdym wynikiem
Percentyl według liczby udzielonych odpowiedzi
Twoja historia wyników
Nie rozwiązałeś tego quizu